[Event "SVK-chT3B2 2223"]
[Site "Slovakia"]
[Date "2022.12.04"]
[Round "3.6"]
[White "Vastik, Tomas"]
[Black "Bezak, Radovan"]
[Result "1-0"]
[WhiteElo "1529"]
[BlackElo "1619"]
[PlyCount "77"]
[EventDate "2022.10.23"]
[EventType "team-tourn"]
[EventRounds "11"]
[EventCountry "SVK"]
[SourceTitle "EXT 2024"]
[Source "ChessBase"]
[SourceDate "2023.10.10"]
[SourceVersion "1"]
[SourceVersionDate "2023.10.10"]
[SourceQuality "1"]
[WhiteTeam "Belusa II"]
[BlackTeam "Chynorany"]
[WhiteTeamCountry "SVK"]
[BlackTeamCountry "SVK"]

1. e4 e5 2. Nf3 Nc6 3. Nc3 d6 4. h3 Nf6 5. Bc4 Be7 6. d3 0-0 7. 0-0 h6 8. Re1 a6 9. a3 Be6 10. Ba2 Bxa2 11. Nxa2 Nh7 12. Be3 Ng5 13. Nc3 f5 14. Bxg5 Bxg5 15. Nd5 Rc8 16. c3 fxe4 17. dxe4 Bf6 18. Qb3 Kh7 19. Qxb7 Qd7 20. Nb6 Na5 21. Nxd7 Nxb7 22. Nxf8+ Rxf8 23. b4 c5 24. Red1 Rc8 25. Rab1 Rc6 26. b5 axb5 27. Rxb5 Nd8 28. a4 Ra6 29. a5 Nf7 30. Rdb1 Bd8 31. Rb7 Kg6 32. Rd7 Bf6 33. Rbb7 Nd8 34. Ra7 Rc6 35. Rdc7 Rxc7 36. Rxc7 Ne6 37. Rd7 Bd8 38. a6 Kf6 39. a7 1-0

[Event "SVK-chT3B2 2223"]
[Site "Slovakia"]
[Date "2022.11.06"]
[Round "2.5"]
[White "Sunal, Jan"]
[Black "Bezak, Radovan"]
[Result "1/2-1/2"]
[WhiteElo "1737"]
[BlackElo "1619"]
[PlyCount "48"]
[EventDate "2022.10.23"]
[EventType "team-tourn"]
[EventRounds "11"]
[EventCountry "SVK"]
[SourceTitle "EXT 2024"]
[Source "ChessBase"]
[SourceDate "2023.10.10"]
[SourceVersion "1"]
[SourceVersionDate "2023.10.10"]
[SourceQuality "1"]
[WhiteTeam "Lehota pod Vtacnikom"]
[BlackTeam "Chynorany"]
[WhiteTeamCountry "SVK"]
[BlackTeamCountry "SVK"]

1. e4 e5 2. Nf3 Nc6 3. d4 exd4 4. Nxd4 Be7 5. Nc3 Bf6 6. Be3 Nge7 7. Be2 0-0 8. 0-0 d6 9. Qd2 Nxd4 10. Bxd4 Bxd4 11. Qxd4 Nc6 12. Qd2 Be6 13. Rad1 Qe7 14. b3 a6 15. Rfe1 f6 16. Nd5 Qf7 17. Nf4 Kh8 18. Bh5 Qe7 19. Nd5 Qd7 20. c4 Bf7 21. Be2 Rae8 22. Bd3 Ne5 23. Bb1 Bxd5 24. Qxd5 Qc6 1/2-1/2

[Event "SVK-chT3B2 2122"]
[Site "Slovakia"]
[Date "2022.05.08"]
[Round "10.6"]
[White "Bezak, Radovan"]
[Black "Kostelansky, Karol"]
[Result "0-1"]
[WhiteElo "1622"]
[BlackElo "1821"]
[PlyCount "77"]
[EventDate "2021.10.24"]
[EventType "team-tourn"]
[EventRounds "11"]
[EventCountry "SVK"]
[SourceTitle "EXT 2024"]
[Source "ChessBase"]
[SourceDate "2023.10.10"]
[SourceVersion "1"]
[SourceVersionDate "2023.10.10"]
[SourceQuality "1"]
[WhiteTeam "Chynorany"]
[BlackTeam "Povazske Podhradie II"]
[WhiteTeamCountry "SVK"]
[BlackTeamCountry "SVK"]

1. d4 f5 2. c4 Nf6 3. Nc3 e6 4. Bf4 b6 5. e3 Bb4 6. Bd3 Bb7 7. Nf3 0-0 8. a3 Bxc3+ 9. bxc3 d6 10. 0-0 Nbd7 11. Bg5 Qe8 12. Bxf6 Nxf6 13. Nd2 Ng4 14. h3 Qh5 15. Be2 Rf6 16. Bf3 Bxf3 17. Qxf3 Raf8 18. hxg4 fxg4 19. Qg3 Rh6 20. f3 gxf3 21. Nxf3 Rff6 22. Kf2 Rhg6 23. Qh3 Rxf3+ 24. Qxf3 Rf6 25. Ke2 Rxf3 26. Rxf3 Qg6 27. e4 Qxg2+ 28. Ke3 h5 29. Raf1 h4 30. R1f2 Qg1 31. Rf8+ Kh7 32. R8f4 g5 33. Rf7+ Kg6 34. R7f3 g4 35. Rf6+ Kg5 36. Ke2 g3 37. Rf1 Qg2+ 38. Ke3 h3 39. Rxe6 0-1

[Event "SVK-chT3B2 1920"]
[Site "Slovakia"]
[Date "2020.02.09"]
[Round "8.4"]
[White "Bezak, Radovan"]
[Black "Sliva, Frantisek"]
[Result "0-1"]
[WhiteElo "1628"]
[BlackElo "1748"]
[PlyCount "142"]
[EventDate "2019.10.06"]
[EventType "team-tourn"]
[EventRounds "11"]
[EventCountry "SVK"]
[SourceTitle "CBM 195 Extra"]
[Source "ChessBase"]
[SourceDate "2020.05.31"]
[SourceVersion "1"]
[SourceVersionDate "2020.05.31"]
[SourceQuality "1"]
[WhiteTeam "Chynorany"]
[BlackTeam "Dubnica nad Vahom IV"]
[WhiteTeamCountry "SVK"]
[BlackTeamCountry "SVK"]

1. d4 Nf6 2. c4 g6 3. Nf3 Bg7 4. Bg5 c6 5. Nc3 d5 6. e3 Qa5 7. Bxf6 exf6 8. Be2 0-0 9. 0-0 Bg4 10. cxd5 cxd5 11. Qb3 Be6 12. Qxb7 Nd7 13. Qa6 Qd8 14. b3 Nb6 15. Rac1 Qb8 16. Na4 Rd8 17. Nc5 Bc8 18. Qa5 Bf8 19. Bb5 Rd6 20. Na6 Bxa6 21. Bxa6 Be7 22. Bb5 a6 23. Bd3 Bd8 24. Qa3 Be7 25. Qa5 Kg7 26. Rc2 Bd8 27. Qa3 Be7 28. Qa5 Bd8 29. Qd2 Ra7 30. Rfc1 Nd7 31. Rc6 Nb6 32. Qb4 Rdd7 33. Qc5 Rdb7 34. e4 Be7 35. Qc3 a5 36. exd5 Nxd5 37. Qc4 Nb6 38. Qc2 Nd5 39. Qc4 Nb4 40. Bb1 Nxc6 41. Be4 Ba3 42. Bxc6 Bxc1 43. Bxb7 Qxb7 44. Qxc1 Qb6 45. Qb2 Rb7 46. Nd2 a4 47. Kf1 axb3 48. axb3 Re7 49. Nc4 Qe6 50. Ne3 Rb7 51. Nc2 Rxb3 52. Qa2 Qc4+ 53. Ke1 Re3+ 54. fxe3 Qxa2 55. Kd2 Qd5 56. Ne1 g5 57. Kd3 h5 58. e4 Qb3+ 59. Ke2 Qc4+ 60. Ke3 Qc1+ 61. Ke2 Qf4 62. Nc2 Qxe4+ 63. Ne3 f5 64. Kf2 Qxd4 65. Ke2 Kg6 66. Kf3 Qe4+ 67. Kf2 f4 68. Nf1 g4 69. Kg1 Qd4+ 70. Kh1 Qf2 71. h4 Qxf1+ 0-1

[Event "SVK-chT3B2 1920"]
[Site "Slovakia"]
[Date "2020.01.19"]
[Round "6.6"]
[White "Bezak, Radovan"]
[Black "Sunal, Jan"]
[Result "1-0"]
[WhiteElo "1628"]
[BlackElo "1721"]
[PlyCount "39"]
[EventDate "2019.10.06"]
[EventType "team-tourn"]
[EventRounds "11"]
[EventCountry "SVK"]
[SourceTitle "CBM 195 Extra"]
[Source "ChessBase"]
[SourceDate "2020.05.31"]
[SourceVersion "1"]
[SourceVersionDate "2020.05.31"]
[SourceQuality "1"]
[WhiteTeam "Chynorany"]
[BlackTeam "Bojnice"]
[WhiteTeamCountry "SVK"]
[BlackTeamCountry "SVK"]

1. d4 d5 2. c4 e6 3. Nc3 Nf6 4. Bg5 Be7 5. e3 0-0 6. Nf3 Nc6 7. Bd3 dxc4 8. Bxc4 Nd5 9. Bxe7 Ncxe7 10. 0-0 Ng6 11. Rc1 c6 12. Bd3 Nde7 13. Ne4 Bd7 14. Nfg5 h6 15. Nf3 Be8 16. Qb3 Rb8 17. Rfd1 Nd5 18. Nc5 Qc7 19. Bxg6 b6 20. Na6 1-0

[Event "SVK-chT3B2 1920"]
[Site "Slovakia"]
[Date "2019.11.03"]
[Round "3.6"]
[White "Rachler, Lubomir"]
[Black "Bezak, Radovan"]
[Result "0-1"]
[WhiteElo "1286"]
[BlackElo "1628"]
[PlyCount "60"]
[EventDate "2019.10.06"]
[EventType "team-tourn"]
[EventRounds "11"]
[EventCountry "SVK"]
[SourceTitle "CBM 193 Extra"]
[Source "ChessBase"]
[SourceDate "2020.01.31"]
[SourceVersion "1"]
[SourceVersionDate "2020.01.31"]
[SourceQuality "1"]
[WhiteTeam "Nemsova Horne Srnie II"]
[BlackTeam "Chynorany"]
[WhiteTeamCountry "SVK"]
[BlackTeamCountry "SVK"]

1. e4 d5 2. Bd3 dxe4 3. Bxe4 Nf6 4. Nc3 Nxe4 5. Nxe4 Bf5 6. Qf3 Bxe4 7. Qxe4 Nc6 8. Nf3 Qd6 9. c3 Qg6 10. Qxg6 hxg6 11. d4 f6 12. Bf4 0-0-0 13. 0-0-0 g5 14. Be3 g4 15. Nd2 e5 16. dxe5 Nxe5 17. Kc2 Bd6 18. Bd4 Nc6 19. Be3 Rh5 20. g3 Rdh8 21. Nf1 Ne5 22. Rd5 Nf3 23. Rxh5 Rxh5 24. Kd1 Kd7 25. Ke2 Kc6 26. h3 Rxh3 27. Rxh3 Ng1+ 28. Kd3 gxh3 29. Nh2 Kd5 30. Kd2 Ke4 0-1

[Event "SVK-chT3B2 1819"]
[Site "Slovakia"]
[Date "2019.02.10"]
[Round "7.6"]
[White "Kudlej, Adam"]
[Black "Bezak, Radovan"]
[Result "1/2-1/2"]
[WhiteElo "1545"]
[BlackElo "1633"]
[PlyCount "42"]
[EventDate "2018.10.21"]
[EventType "team-tourn"]
[EventRounds "11"]
[EventCountry "SVK"]
[SourceTitle "CBM 189 Extra"]
[Source "ChessBase"]
[SourceDate "2019.06.03"]
[SourceVersion "1"]
[SourceVersionDate "2019.06.03"]
[SourceQuality "1"]
[WhiteTeam "Belusa"]
[BlackTeam "Chynorany"]
[WhiteTeamCountry "SVK"]
[BlackTeamCountry "SVK"]

1. c4 e5 2. Nc3 Nf6 3. Nf3 Nc6 4. e3 Be7 5. d4 exd4 6. exd4 d5 7. cxd5 Nxd5 8. Bc4 Be6 9. Bxd5 Bxd5 10. Be3 0-0 11. 0-0 Bf6 12. Ne5 Bxe5 13. dxe5 Bc4 14. Re1 Nxe5 15. Bc5 Nd3 16. Bxf8 Nxe1 17. Bxg7 Qxd1 18. Rxd1 Nxg2 19. Be5 Nh4 20. Bxc7 Rc8 21. Bg3 Nf5 1/2-1/2

[Event "SVK-chT3B2 1819"]
[Site "Slovakia"]
[Date "2019.01.27"]
[Round "6.5"]
[White "Zdrazil, Patrik"]
[Black "Bezak, Radovan"]
[Result "1/2-1/2"]
[WhiteElo "1559"]
[BlackElo "1633"]
[PlyCount "78"]
[EventDate "2018.10.21"]
[EventType "team-tourn"]
[EventRounds "11"]
[EventCountry "SVK"]
[SourceTitle "CBM 189 Extra"]
[Source "ChessBase"]
[SourceDate "2019.06.03"]
[SourceVersion "1"]
[SourceVersionDate "2019.06.03"]
[SourceQuality "1"]
[WhiteTeam "Povazske Podhradie "]
[BlackTeam "Chynorany"]
[WhiteTeamCountry "SVK"]
[BlackTeamCountry "SVK"]

1. e4 e5 2. Nf3 d6 3. d4 exd4 4. Qxd4 Nc6 5. Bb5 Bd7 6. Bxc6 Bxc6 7. c4 Nf6 8. Nc3 Be7 9. 0-0 0-0 10. Qd3 Ng4 11. Bf4 Bf6 12. h3 Ne5 13. Nxe5 dxe5 14. Qxd8 Rfxd8 15. Be3 b6 16. Nd5 Bxd5 17. cxd5 Be7 18. Rac1 Bd6 19. Bd2 Kf8 20. a3 Ke7 21. Rc6 Kd7 22. Rfc1 Rac8 23. Bb4 a5 24. Bxd6 cxd6 25. R1c3 Rxc6 26. Rxc6 Rb8 27. Kf1 a4 28. Ke2 b5 29. Ra6 Kc7 30. Rc6+ Kd7 31. f3 Rc8 32. Rc3 Rc7 33. Kd2 Rxc3 34. bxc3 Kc7 35. Kd3 Kb6 36. c4 Kc5 37. cxb5 Kxb5 38. h4 h5 39. f4 f6 1/2-1/2

[Event "SVK-chT3B2 1617"]
[Site "Slovakia"]
[Date "2017.01.29"]
[Round "7.3"]
[White "Bezak, Radovan"]
[Black "Duda, Daniel"]
[Result "1/2-1/2"]
[WhiteElo "1634"]
[BlackElo "1590"]
[PlyCount "100"]
[EventDate "2016.10.16"]
[EventType "team-tourn"]
[EventRounds "11"]
[EventCountry "SVK"]
[SourceTitle "EXT 2018"]
[Source "ChessBase"]
[SourceDate "2017.10.13"]
[SourceVersion "1"]
[SourceVersionDate "2017.10.13"]
[SourceQuality "1"]
[WhiteTeam "Chynorany"]
[BlackTeam "Dubnica nad Vahom IV"]
[WhiteTeamCountry "SVK"]
[BlackTeamCountry "SVK"]

1. d4 c6 2. c4 Nf6 3. Nf3 e6 4. Bg5 Be7 5. Nc3 d5 6. e3 h6 7. Bh4 Nbd7 8. Bd3 c5 9. cxd5 Nxd5 10. Nxd5 Bxh4 11. Nc3 cxd4 12. Nxd4 Bf6 13. Nde2 a6 14. Qc2 b5 15. 0-0 Ra7 16. Ne4 Be7 17. Rac1 0-0 18. Rfd1 Qb6 19. Nd4 Ne5 20. Nc6 Nxc6 21. Qxc6 Qxc6 22. Rxc6 Rd7 23. Rcc1 Bb7 24. Bb1 Bd5 25. Nc3 Rfd8 26. Nxd5 Rxd5 27. Rxd5 Rxd5 28. Rc8+ Bf8 29. Rc1 a5 30. Kf1 Rd7 31. b3 g6 32. Re1 Bb4 33. Rc1 Kg7 34. g3 Rd5 35. Be4 Rd2 36. Rc2 Rd1+ 37. Ke2 Re1+ 38. Kf3 Rg1 39. Bc6 h5 40. h4 Kf6 41. Bxb5 g5 42. hxg5+ Kxg5 43. Bc4 Kf6 44. Re2 Ke5 45. Ba6 Be7 46. Rc2 f5 47. Rc7 Kf6 48. Rc6 Ra1 49. a4 Rd1 50. Bc4 Rd6 1/2-1/2

[Event "SVK-chT3B2 1516"]
[Site "Slovakia"]
[Date "2015.10.11"]
[Round "1.4"]
[White "Matejka, Peter"]
[Black "Bezak, Radovan"]
[Result "0-1"]
[WhiteElo "1414"]
[BlackElo "1659"]
[PlyCount "110"]
[EventDate "2015.10.11"]
[EventType "team-tourn"]
[EventRounds "11"]
[EventCountry "SVK"]
[SourceTitle "CBM 170 Extra"]
[Source "ChessBase"]
[SourceDate "2016.02.25"]
[SourceVersion "1"]
[SourceVersionDate "2016.02.25"]
[SourceQuality "1"]
[WhiteTeam "Nemsova Horne Srnie"]
[BlackTeam "Chynorany"]
[WhiteTeamCountry "SVK"]
[BlackTeamCountry "SVK"]

1. e4 e5 2. Nc3 Nf6 3. a3 d6 4. h3 Be7 5. Nf3 0-0 6. Bc4 c6 7. d3 b5 8. Ba2 Nbd7 9. Be3 Bb7 10. b4 a6 11. Bg5 h6 12. Be3 d5 13. exd5 cxd5 14. d4 Rc8 15. Ne2 e4 16. Nh4 Ne8 17. Nf5 Nd6 18. Nxd6 Bxd6 19. Bb3 Qc7 20. Qd2 Nb6 21. Rc1 f5 22. g3 Nc4 23. Bxc4 bxc4 24. c3 Ra8 25. a4 Bc6 26. Ra1 Qd7 27. Qd1 g5 28. h4 f4 29. gxf4 gxf4 30. Bd2 Kh7 31. Qc2 Qg4 32. h5 f3 33. Rg1 Qxh5 34. Ng3 Bxg3 35. Be3 Bf4 36. Qd2 Qh2 37. Rf1 Bxe3 38. Qxe3 Qf4 39. Kd2 Qxe3+ 40. Kxe3 Rg8 41. Rh1 Rg2 42. Rh5 Rg5 43. Rh4 Rag8 44. a5 Rg1 45. Rxg1 Rxg1 46. Kd2 Kg6 47. Rh3 Kg5 48. Ke3 h5 49. b5 axb5 50. a6 b4 51. cxb4 Kg4 52. Rg3+ Rxg3 53. fxg3 Kxg3 54. b5 Bxb5 55. a7 Bc6 0-1